000 00817nam a2200253Ia 4500
003 OSt
005 20220918170853.0
006 a|||||r|||| 00| 0
007 ta
008 220917b |||||||| |||| 00| 0 eng d
020 _a9780748686469 (pbk)
_c1937.23
024 _a289,717
037 _b2533, 15/03/2016, Govinda Book House
_cTextual
040 _aARTS
_cARTS
_beng
041 _2eng
_aeng
082 _aR853xN25:g, Q5
100 _aAdkins Brent
_931841
245 0 _aDeluze and guattari's a thousand plateaus
_b A critical introduction and guide
260 _aEdinburgh
_bEdinburgh University Press UK
_c2015
300 _avi, 265p.
_ccm.
650 _aPHILOSOPHY
942 _hR853xN25:g, Q5
_cTEXL
_2CC
999 _c136353
_d136353